<?xml version="1.0" encoding="UTF-8"?>
<record
    xmlns:xsi="http://www.w3.org/2001/XMLSchema-instance"
    xsi:schemaLocation="http://www.loc.gov/MARC21/slim http://www.loc.gov/standards/marcxml/schema/MARC21slim.xsd"
    xmlns="http://www.loc.gov/MARC21/slim">

  <leader>01956nab a2200265uuc4500</leader>
  <controlfield tag="001">1207144</controlfield>
  <controlfield tag="005">20240202095208.0</controlfield>
  <controlfield tag="008">100714s2010                        spa  </controlfield>
  <datafield tag="035" ind1=" " ind2=" ">
    <subfield code="a">1207144</subfield>
  </datafield>
  <datafield tag="035" ind1=" " ind2=" ">
    <subfield code="a">(OCoLC)820548878</subfield>
  </datafield>
  <datafield tag="040" ind1=" " ind2=" ">
    <subfield code="c">comduadb</subfield>
  </datafield>
  <datafield tag="041" ind1=" " ind2=" ">
    <subfield code="a">spa</subfield>
  </datafield>
  <datafield tag="100" ind1="1" ind2="0">
    <subfield code="a">Jaramillo Angel, Sergio</subfield>
    <subfield code="4">aut</subfield>
    <subfield code="e">aut</subfield>
    <subfield code="9">596968</subfield>
  </datafield>
  <datafield tag="245" ind1="1" ind2="3">
    <subfield code="a">La retina para el m&#xE9;dico no oftalm&#xF3;logo</subfield>
  </datafield>
  <datafield tag="260" ind1=" " ind2=" ">
    <subfield code="c">2010.</subfield>
  </datafield>
  <datafield tag="520" ind1="3" ind2=" ">
    <subfield code="a">La retina es un tejido fundamental en el &#xF3;rgano de la visi&#xF3;n. En este art&#xED;culo hacemos una revisi&#xF3;n sobre la anatom&#xED;a y fisiolog&#xED;a de esta estructura as&#xED; como sobre las principales patolog&#xED;as que la pueden afectar, entre ellas: desprendimiento de retina, retinopat&#xED;a diab&#xE9;tica y la enfermedad macular relacionada con la edad. Aunque actualmente contamos con t&#xE9;cnicas m&#xE9;dicas y quir&#xFA;rgicas seguras y efectivas para el manejo de estas patolog&#xED;as, a&#xFA;n representan un reto para la ciencia m&#xE9;dica, y en estados avanzados comprometen seriamente la funci&#xF3;n visual, por ello es de gran importancia que el m&#xE9;dico general tenga claros los conceptos b&#xE1;sicos sobre el diagn&#xF3;stico de estas 
enfermedades, para realizar una remisi&#xF3;n adecuada y as&#xED; poder evitar al m&#xE1;ximo secuelas visuales en el paciente. En este art&#xED;culo revisamos libros de texto reconocidos y empleando MEDLINE, algunos art&#xED;culos representativos sobre este tema, para mostrar un panorama general del estado actual, cl&#xED;nico e investigativo, del diagn&#xF3;stico y tratamiento de las enfermedades m&#xE1;s importantes que afectan la retina y el v&#xED;treo.</subfield>
  </datafield>
  <datafield tag="650" ind1=" " ind2=" ">
    <subfield code="a">Retina</subfield>
    <subfield code="9">23585</subfield>
  </datafield>
  <datafield tag="650" ind1=" " ind2=" ">
    <subfield code="a">Retinopat&#xED;a diab&#xE9;tica</subfield>
    <subfield code="9">66910</subfield>
  </datafield>
  <datafield tag="650" ind1=" " ind2=" ">
    <subfield code="a">Desprendimiento de retina</subfield>
    <subfield code="9">65902</subfield>
  </datafield>
  <datafield tag="650" ind1=" " ind2=" ">
    <subfield code="a">Epitelio</subfield>
    <subfield code="9">18516</subfield>
  </datafield>
  <datafield tag="700" ind1="1" ind2="0">
    <subfield code="a">Tello Hernandez, Alejandro</subfield>
    <subfield code="4">aut</subfield>
    <subfield code="e">aut</subfield>
    <subfield code="9">551237</subfield>
  </datafield>
  <datafield tag="700" ind1="1" ind2="0">
    <subfield code="a">Var&#xF3;n Plata, Clara Leonor</subfield>
    <subfield code="4">aut</subfield>
    <subfield code="e">aut</subfield>
    <subfield code="9">592016</subfield>
  </datafield>
  <datafield tag="773" ind1="0" ind2=" ">
    <subfield code="t">MedUnab (Bucaramanga)</subfield>
    <subfield code="g">Volumen 13, N&#xFA;mero 01, Abril 2010, 31-37</subfield>
    <subfield code="w">441545</subfield>
    <subfield code="x">0123-7047</subfield>
    <subfield code="0">115855</subfield>
  </datafield>
  <datafield tag="942" ind1=" " ind2=" ">
    <subfield code="c">ARIMP</subfield>
  </datafield>
  <datafield tag="999" ind1=" " ind2=" ">
    <subfield code="c">553271</subfield>
    <subfield code="d">553271</subfield>
  </datafield>
</record>
